Un modelo urbans̕tico alternativo el derecho francš /

Bibliographic Details
Main Author: Tejedor Bielsa, Julio Cšar
Format: Unknown
Language:Spanish
Published: Barcelona : Cedecs, 1998
Series:Derecho administrativo (Cedecs)
Subjects:
Online Access:Acceso restringido

MARC

LEADER 00000ny a22000003n 4500
005 20110616135712.0
008 981001s1998 sp 000 0 spa d
017 |a D.L.L515-98 
020 |a 9788495027320 
035 |a 3302 
040 |a UZ.DER  |d vLex 
080 |a 349.44(44) 
090 |c 782  |d 782 
100 1 |a Tejedor Bielsa, Julio Cšar 
245 1 3 |a Un modelo urbans̕tico alternativo  |h [Recurso electrn̤ico]  |b el derecho francš /  |c Julio Cšar Tejedor Bielsa ; prl̤ogo de Franck Moderne 
256 |a Servicio en ln̕ea 
260 |a Barcelona :  |b Cedecs,  |c 1998 
300 |a 176 p. ;  |c 23 cm 
490 1 |a Derecho administrativo  
506 1 |a Contenido solo disponible en los productos indicados  |d vLex Global  |d vLex Global (Academic Edition, excluding Law Schools)  |d vLex Global (U.S. Academic Edition, Law Schools)  |d vLex Global (U.S. Academic Edition, excluding Law Schools)  |d vLex Global (Academic Edition, Law Schools) 
650 0 7 |2 Tesauro vLex  |a Derecho urbans̕tico 
740 0 |a vLex Libros (Servicios en ln̕ea) 
830 0 |a Derecho administrativo (Cedecs)  
856 4 0 |z Acceso restringido  |u http://vlex.com/source/3302 
942 |c BOOK 
999 0 |a City planning and redevelopment law  |b Barcelona